Normal view
MARC view
- Artificial intelligence. Conspiracies. Orphans.
Entry Topical Term
001 - CONTROL NUMBER
- control field: 86278
003 - CONTROL NUMBER IDENTIFIER
- control field: OSt
005 - DATE AND TIME OF LATEST TRANSACTION
- control field: 20250501135709.0
008 - FIXED-LENGTH DATA ELEMENTS
- fixed length control field: 250501|| aca||aabn | a|a d
040 ## - CATALOGING SOURCE
- Original cataloging agency: OSt
- Transcribing agency: OSt
150 ## - HEADING--TOPICAL TERM
- Topical term or geographic name as entry element: Artificial intelligence. Conspiracies. Orphans.
- Form subdivision: Fiction
670 ## - SOURCE DATA FOUND
- Source citation: Work cat.: (OSt)48886: Donne, Alexa. 86277, Brightly burning / , 2018.